Compendio de la Arte dla Navegazion (Record no. 10918)

MARC details
000 -CABECERA
campo de control de longitud fija 01043nam a22002417a 4500
001 - NÚMERO DE CONTROL
campo de control BRCA_9296
003 - IDENTIFICADOR DEL NÚMERO DE CONTROL
campo de control FranzMayer
005 - FECHA Y HORA DE LA ÚLTIMA TRANSACCIÓN
campo de control 20230726121312.0
008 - DATOS DE LONGITUD FIJA--INFORMACIÓN GENERAL
campo de control de longitud fija 230726b |||||||| |||| 00| 0 eng d
040 ## - FUENTE DE LA CATALOGACIÓN
Centro catalogador/agencia de origen MFM
Lengua de catalogación esp
Centro/agencia transcriptor MFM
050 #4 - SIGNATURA TOPOGRÁFICA DE LA BIBLIOTECA DEL CONGRESO
Número de clasificación LM26
082 ## - NÚMERO DE LA CLASIFICACIÓN DECIMAL DEWEY
Número de edición HE617
240 1# - TÍTULO UNIFORME
Título uniforme Compendio de la Arte dla Navegazion
Medio Explicazion de la Ajuja
Lenguaje de la obra Español
245 0# - MENCIÓN DE TÍTULO
Título Compendio de la Arte dla Navegazion
Resto del título Explicazion de la Ajuja
300 ## - DESCRIPCIÓN FÍSICA
Extensión 220 p
Otras características físicas ilustraciones
Dimensiones 31 cm.
500 ## - NOTA GENERAL
Nota general Al libro le falta la carátula, por lo que se desconocen varios datos como el nombre del autor o responsable, año y lugar de publicación o editorial a cargo.
500 ## - NOTA GENERAL
Nota general El libro fue reparado, aún así presenta daño por humedad.
500 ## - NOTA GENERAL
Nota general El libro tiene tiras en las tapas para cerrarlo.
505 0# - NOTA DE CONTENIDO CON FORMATO
Nota de contenido con formato Texto en: españolDirigido a: Navegantes, marineros, viajeros y geólogos.
650 1# - PUNTO DE ACCESO ADICIONAL DE MATERIA--TÉRMINO DE MATERIA
Fuente del encabezamiento o término Transporte
Término de materia o nombre geográfico como elemento de entrada Comunicaciones
Subdivisión de forma Trasnportes marinos
9 (RLIN) 28973
651 2# - PUNTO DE ACCESO ADICIONAL DE MATERIA--NOMBRE GEOGRÁFICO
Fuente del encabezamiento o término Navegación
Nombre geográfico Trasportes acuáticos
Subdivisión de forma Astronomía
9 (RLIN) 28974
942 ## - ELEMENTOS DE PUNTO DE ACCESO ADICIONAL (KOHA)
Fuente del sistema de clasificación o colocación Library of Congress Classification
Tipo de ítem Koha Libros
Holdings
Estado de retiro Estado de pérdida Fuente del sistema de clasificación o colocación Estado dañado No para préstamo Código de colección Localización permanente Ubicación/localización actual Fecha de adquisición Fuente de adquisición Total de préstamos Signatura topográfica completa Código de barras Fecha visto por última vez Precio válido a partir de Tipo de ítem Koha
El ejemplar forma parte de la colección y puede ser consultado según las políticas vigentes.   Library of Congress Classification     Conventual Franz Mayer Biblioteca del Museo Franz Mayer (Rogerio Casas-Alatriste) Biblioteca del Museo Franz Mayer (Rogerio Casas-Alatriste) 26/07/2023 Donación   LM26 CFM00532 26/07/2023 26/07/2023 Libros